01904nam a22002417a 4500003000500000005001700005008004100022020001800063041001200081082001800093100001800111245011600129260003500245300002800280520111000308650002101418650002201439650002801461650002601489942001501515999001701530952011501547CUTN20250531105942.0250531b |||||||| |||| 00| 0 eng d a9789390063192 aEnglish 223a940 bTAY aTaylor, Isaac aThe Origin of the Aryans: bAn Account of the Prehistoric Ethnology and Civilization of Europe /cIsaac Taylor aChennai :bMaven Books,c2020. a339 p. :bIll. ;c22 cm aThe Origin of the Aryans is a book written by Isaac Taylor that provides an account of the prehistoric ethnology and civilization of Europe. The book delves into the origins of the Aryan race and their migration patterns throughout history. Taylor explores the cultural and linguistic similarities among different Aryan groups and how they influenced the development of European civilization. He also discusses the impact of the Aryan invasion on the indigenous people of India and how it shaped the country's culture and society. Overall, ""The Origin of the Aryans"" is a comprehensive and insightful examination of the historical and cultural roots of one of the most influential groups in human history.This scarce antiquarian book is a facsimile reprint of the old original and may contain some imperfections such as library marks and notations. Because we believe this work is culturally important, we have made it available as part of our commitment for protecting, preserving, and promoting the world's literature in affordable, high quality, modern editions, that are true to their original work. aEurope - History aOrigin of Aryans  a Civilization of Europe aPrehistoric Ethnology 2ddccBOOKS c44512d44512 00102ddc40708NFICaCUTNbCUTNc900d2025-05-31l0o940 TAYp51874r2025-05-31 11:00:31w2025-05-31yBOOKS